Physics for scientists & engineers with modern physics / (رقم التسجيلة. 37740)
[ عرض عادي ]
| 000 -الفاتح | |
|---|---|
| حقل البيانات ثابتة الطول | 00652nam a22002177a 4500 |
| 003 - محدد رقم الضبط | |
| رقم الضبط | OSt |
| 005 - وقت وتاريخ اخر تعامل مع التسجيلة | |
| رقم الضبط | 20150728224421.0 |
| 008 - عناصر البيانات ثابتة الطول - معلومات عامة | |
| حقل البيانات ثابتة الطول | 150728s2014 enka g 001 0 eng d |
| 020 ## - الرقم الدولى المعيارى للكتب | |
| الرقم الدولى المعيارى للكتاب | 9781292020761 |
| 040 ## - مصدر الفهرسة | |
| وكالة الفهرسة الأصلية | Ma-un |
| لغة الفهرسة | ara |
| 082 04 - رقم تصنيف ديوى العشرى | |
| رقم الطبعة | 23 |
| رقم التصنيف | 530 |
| رقم المادة | G D P |
| 100 1# - المدخل الرئيسى - إسم شخصى | |
| الإسم الشخصى | Giancoli, Douglas C. |
| 9 (RLIN) | 49596 |
| 245 10 - بيان العنوان | |
| العنوان | Physics for scientists & engineers with modern physics / |
| بيان المسئوليه,etc | Douglas C. Giancoli. |
| 250 ## - بيان الطبعة | |
| بيان الطبعة | 4th ed, international edition. |
| 260 ## - PUBLICATION, DISTRIBUTION, ETC. (IMPRINT) | |
| مكان الناشر او الموزع | Harlow, Essex : |
| اسم الناشر او الموزع | Pearson, |
| تاريخ النشر أو التوزيع | 2014. |
| 300 ## - الوصف المادى | |
| التعداد | vi, 1426 p. : |
| تفاصيل ماديه اخرى للوعاء | ill. ; |
| أبعاد الوعاء | 28 cm. |
| 490 0# - بيان السلسلة | |
| عنوان السلسلة | Pearson custom library |
| 500 ## - تبصرة عامة | |
| تبصرة عامة | Includes index. |
| 650 #4 - المدخل الاضافى بالموضوع-مصطلح موضوعى | |
| مصطلح موضوعي أو اسم جغرافي كعنصر مدخل | Physics |
| 9 (RLIN) | 49597 |
| 942 ## - | |
| -- | ddc |
| -- | BOOK |
| 999 ## - | |
| -- | 37740 |
| -- | 272240 |
| حالة الفقد | نموذج السعر الفعال | حالة تلف | ليس للاعارة | رقم الطلب | Current library | رقم النسخة | تاريخ الاكتساب | Serial Enumeration / chronology | الباركود | الفرع الرئيسي | Date last seen | نوع المادة فى نظام كوها | مصدر التصنيف او خطة الترفيف | Total Checkouts |
|---|---|---|---|---|---|---|---|---|---|---|---|---|---|---|
| 2015-07-28 | Not For Loan | 530 G D P | المكتبة المركزية بالمجمعة (CL) | 1 | 2015-07-28 | CL | 00215794 | المكتبة المركزية بالمجمعة (CL) | 2015-07-28 | كتاب | Dewey Decimal Classification | |||
| 2015-07-28 | 530 G D P | المكتبة المركزية بالمجمعة (CL) | 2 | 2015-07-28 | CL | 00215793 | المكتبة المركزية بالمجمعة (CL) | 2015-07-28 | كتاب | Dewey Decimal Classification | ||||
| 2015-07-28 | 530 G D P | المكتبة المركزية بالمجمعة (CL) | 3 | 2015-07-28 | CL | 00215792 | المكتبة المركزية بالمجمعة (CL) | 2015-07-28 | كتاب | Dewey Decimal Classification | ||||
| 2015-07-28 | Not For Loan | 530 G D P | المكتبة المركزية بالمجمعة (CL) | 1 | 2015-07-28 | CL | 00215789 | مكتبة مجمع الكليات بالزلفى - طلاب (SZM) | 2015-07-28 | كتاب | Dewey Decimal Classification | |||
| 2015-07-28 | 530 G D P | المكتبة المركزية بالمجمعة (CL) | 2 | 2015-07-28 | CL | 00215790 | مكتبة مجمع الكليات بالزلفى - طلاب (SZM) | 2015-07-28 | كتاب | Dewey Decimal Classification | ||||
| 2022-02-14 | 530 G D P | مكتبة كلية العلوم و الدراسات الإنسانية برماح - طلاب (SRM) | 2022-02-14 | CL | 00168618 | مكتبة كلية العلوم و الدراسات الإنسانية برماح - طلاب (SRM) | 2022-02-14 | كتاب | Dewey Decimal Classification | |||||
| 2022-02-14 | 530 G D P | مكتبة كلية العلوم و الدراسات الإنسانية برماح - طالبات (SRF) | 2022-02-14 | CL | 00168619 | مكتبة كلية العلوم و الدراسات الإنسانية برماح - طالبات (SRF) | 2022-02-14 | كتاب | Dewey Decimal Classification | |||||
| 2022-02-14 | 530 G D P | مكتبة كلية التمريض - طلاب (CNM) | 2022-02-14 | IC | 00168620 | قسم الاجراءات الفنية (IC) | 2022-02-14 | كتاب | Dewey Decimal Classification |
